01341nam a2200301Ia 4500001001200000003000800012006001900020007001500039008004100054020001800095040002100113035002100134050002500155245021100180260006900391300002300460490007300483504005100556533015200607650003100759650002300790655002900813700001800842700001700860710001700877856012600894999001901020ebr10504681CaPaEBRm u cr cn|||||||||111102s2011 ne a sb 001 0 eng d z9781608052486 aCaPaEBRcCaPaEBR a(OCoLC)81603944514aQK981.5b.P53 2011eb00aPlant transformation technology revolution in last three decades.nVolume 1,pHistorical technology developments in plant transformationh[electronic resource] /ceditor: Yingui Dan; co-editor: David W. Ow. aHilversum, The Netherlands :bBentham Science Publishers,c2011. aiv, 148 p. :bill.0 aPlant transformation technology revolution in last three decade ;v1 aIncludes bibliographical references and index. aElectronic reproduction.bPalo Alto, Calif. :cebrary,d2013.nAvailable via World Wide Web.nAccess may be limited to ebrary affiliated libraries. 0aPlant genetic engineering. 0aTransgenic plants. 7aElectronic books.2local1 aDan, Yinghui.1 aOw, David W.2 aebrary, Inc.40uhttp://site.ebrary.com/lib/rucke/Doc?id=10504681zAn electronic book accessible through the World Wide Web; click to view c114456d114456